MARC

LEADER 00000nam0a2200000 4500
001 357121
005 20231102010947.0
035 |a (RuTPU)RU\TPU\retro\14381 
090 |a 357121 
100 |a 20200729d1910 km y0rusy50 ca 
101 0 |a rus 
102 |a RU 
105 |a y z 101zy 
200 1 |a Протоколы заседаний второго метеорологического съезда  |e при Императорской академии наук,  |e 11 - 17 января 1909 г.  |f отв. за вып. С. Ольденбург 
210 |a Санкт-Петербург  |c Типография Императорской Академии наук  |d 1910 
215 |a 345 с. 
300 |a Текст в русской дореволюционной орфографии 
320 |9 572  |a Алф. указ. авт.: с. 345 
606 1 |a Метеорология  |2 stltpush  |3 (RuTPU)RU\TPU\subj\43458  |9 62957 
610 1 |a метеорологическая информация 
610 1 |a метеорологическая служба 
610 1 |a метеорологические исследования 
610 1 |a метеорологические наблюдения 
610 1 |a синоптические условия 
610 1 |a погода 
610 1 |a предсказания 
610 1 |a метеорологические станции 
610 1 |a метеорологические сети 
610 1 |a фенологические наблюдения 
610 1 |a фенологические наблюдения 
610 1 |a гидрометрические наблюдения 
610 1 |a съезды 
610 1 |a протоколы 
675 |a 551.5  |v 4 
702 1 |a Ольденбург  |b С.  |4 540 
712 1 2 |a Протоколы заседаний второго метеорологического съезда  |e Санкт-Петербург  |f 1909  |4 570 
801 1 |a RU  |b 63413507  |c 20200729 
801 2 |a RU  |b 63413507  |c 20200911  |g RCR 
942 |c BK